000 00311nam a2200133 i 4500
001 bg
100 1 _aSPINEL, N. S.
245 0 _aRezonans gamma lućej v kristallach /
_cN.S. Spinel.
260 _aMoskva,
_c1969.
040 _cBPK
041 _apol
942 _cKS
008 s pl f |000 0 pol
999 _c25969
_d25969
856 _uhttp://koha.tu.koszalin.pl/cgi-bin/koha/opac-detail.pl?biblionumber=25969
_yKatalog online BPK